MARC details
| 000 -CABECERA |
| campo de control de longitud fija |
02592cam a22004817a 4500 |
| 003 - IDENTIFICADOR DEL NÚMERO DE CONTROL |
| campo de control |
CHAP |
| 005 - FECHA Y HORA DE LA ÚLTIMA TRANSACCIÓN |
| campo de control |
20220329142329.0 |
| 008 - DATOS DE LONGITUD FIJA--INFORMACIÓN GENERAL |
| campo de control de longitud fija |
000725s1999 us a r 00010 eng d |
| 010 ## - NÚMERO DE CONTROL DE LA BIBLIOTECA DEL CONGRESO |
| Número de control de LC |
81834 |
| 011 ## - ENLACE DEL NUMERO DE CONTROL DE LA BIBLIOTECA DEL CONGRESO [OBSOLETO] |
| Número de control de LC |
82806 |
| 022 0# - NÚMERO INTERNACIONAL NORMALIZADO PARA PUBLICACIONES SERIADAS |
| Número Internacional Normalizado para Publicaciones Seriadas |
0085-8315 |
| 035 ## - NÚMERO DE CONTROL DEL SISTEMA |
| Número de control de sistema |
93310 |
| 040 ## - FUENTE DE LA CATALOGACIÓN |
| Centro/agencia transcriptor |
CHAP |
| 090 ## - LOCALMENTE ASIGNADO TIPO-LC NÚMERO DE CLASIFICACIÓN (OCLC); NÚMERO DE CLASIFICACIÓN LOCAL (RLIN) |
| Número de clasificación (OCLC) (R) ; Numero de clasificación, CALL (RLIN) (NR) |
Folleto 14781 |
| 110 1# - ENTRADA PRINCIPAL--NOMBRE DE ENTIDAD CORPORATIVA |
| Nombre de entidad corporativa o nombre de jurisdicción como elemento de entrada |
Population Reference Bureau Inc. Washington |
| 9 (RLIN) |
90915 |
| 245 10 - MENCIÓN DE TÍTULO |
| Título |
Cuadro de la población mundial: |
| Resto del título |
datos y cálculos demográficos sobre los países y regiones del mundo |
| Mención de responsabilidad, etc. |
/por Population Reference Bureau Inc. Washington |
| 246 3# - FORMA VARIANTE DE TÍTULO |
| Título propio/Titulo breve |
Cuadro de la población mundial: |
| Resto del título |
datos y estimaciones demográficas de los países y regiones del mundo |
| 246 3# - FORMA VARIANTE DE TÍTULO |
| Título propio/Titulo breve |
Cuadro de la población mundial: |
| Resto del título |
datos y estimaciones demográficas para las regiones y países del mundo |
| 260 ## - PUBLICACIÓN, DISTRIBUCIÓN, ETC. |
| Lugar de publicación, distribución, etc. |
Washington, D.C. : |
| Nombre del editor, distribuidor, etc. |
Population Reference Bureau, |
| Fecha de publicación, distribución, etc. |
1996- |
| 300 ## - DESCRIPCIÓN FÍSICA |
| Extensión |
v. |
| 500 ## - NOTA GENERAL |
| Nota general |
la biblioteca tiene: 1996 (hoja plegable), 1998 (v.1 folleto, v.2 hoja plegable.), 1999 (v.1 folleto, v.2 hoja desplegable.), 2000 (v.1 folleto, v.2 hoja plegable.), 2001, 2002 (hoja plegable), 2004 (hoja plegable), 2005 (hoja plegable), 2006 (hoja plegable), 2010 (hoja plegable) |
| 590 ## - NOTA LOCAL (RLIN) |
| Nota local |
BATCH-UPD |
| Procedencia (VM) [OBSOLETO] |
10 |
| Condición del los carretes individuales (VM) [OBSOLETO] |
20130110 |
| -- |
UCH01 |
| -- |
2133 |
| 590 ## - NOTA LOCAL (RLIN) |
| Nota local |
BATCH-UPD |
| Procedencia (VM) [OBSOLETO] |
10 |
| Condición del los carretes individuales (VM) [OBSOLETO] |
20130410 |
| -- |
UCH01 |
| -- |
1442 |
| 590 ## - NOTA LOCAL (RLIN) |
| Nota local |
BATCH-UPD |
| Procedencia (VM) [OBSOLETO] |
10 |
| Condición del los carretes individuales (VM) [OBSOLETO] |
20130914 |
| -- |
UCH01 |
| -- |
1924 |
| 590 ## - NOTA LOCAL (RLIN) |
| Nota local |
CONVERSION |
| Procedencia (VM) [OBSOLETO] |
10 |
| Condición del los carretes individuales (VM) [OBSOLETO] |
20130109 |
| -- |
UCH01 |
| -- |
1345 |
| 650 14 - PUNTO DE ACCESO ADICIONAL DE MATERIA--TÉRMINO DE MATERIA |
| Término de materia o nombre geográfico como elemento de entrada |
Población |
| Subdivisión general |
Estadísticas. |
| 9 (RLIN) |
89369 |
| 901 ## - ELEMENTOS DE DATOS A LOCAL LDA (RLIN) |
| a |
BK |
| 905 ## - ELEMENTOS DE DATOS E LOCAL, LDE (RLIN) |
| a |
Lilia Sánchez G. |
| 942 ## - ELEMENTOS DE PUNTO DE ACCESO ADICIONAL (KOHA) |
| Tipo de ítem Koha |
Folleto |
| 949 ## - PROCESAMIENTO DE INFORMACIÓN LOCAL (OCLC) |
| a |
Folleto 14781 |
| b |
BC |
| c |
FOLL |
| d |
33724002029165 |
| e |
TS1 |
| f |
2006 |
| g |
DonaciØn |
| i |
93310 |
| s |
b |
| 949 ## - PROCESAMIENTO DE INFORMACIÓN LOCAL (OCLC) |
| a |
Folleto 14781 |
| b |
BC |
| c |
FOLL |
| d |
33724002036462 |
| e |
TS1 |
| f |
2004 |
| g |
DonaciØn |
| i |
93310 |
| s |
b |
| 949 ## - PROCESAMIENTO DE INFORMACIÓN LOCAL (OCLC) |
| a |
Folleto 14781 |
| b |
BC |
| c |
FOLL |
| d |
33724002078347 |
| e |
TS1 |
| f |
2005 |
| g |
DonaciØn |
| i |
93310 |
| s |
b |
| 949 ## - PROCESAMIENTO DE INFORMACIÓN LOCAL (OCLC) |
| a |
Folleto 14781 |
| b |
BC |
| c |
FOLL |
| d |
33724002228967 |
| e |
TS1 |
| f |
2010 |
| i |
93310 |
| s |
b |
| 949 ## - PROCESAMIENTO DE INFORMACIÓN LOCAL (OCLC) |
| a |
Folleto 14781 |
| b |
BC |
| c |
FOLL |
| d |
33724002334066 |
| e |
TS1 |
| f |
2000 v.2 |
| i |
93310 |
| s |
b |
| 949 ## - PROCESAMIENTO DE INFORMACIÓN LOCAL (OCLC) |
| a |
Folleto 14781 |
| b |
BC |
| c |
FOLL |
| d |
33724002334074 |
| e |
TS1 |
| f |
2000 v.1 |
| i |
93310 |
| s |
b |
| 949 ## - PROCESAMIENTO DE INFORMACIÓN LOCAL (OCLC) |
| a |
Folleto 14781 |
| b |
BC |
| c |
FOLL |
| d |
33724002334082 |
| e |
TS1 |
| f |
2002 |
| g |
DonaciØn |
| i |
93310 |
| s |
b |
| 949 ## - PROCESAMIENTO DE INFORMACIÓN LOCAL (OCLC) |
| a |
Folleto 14781 |
| b |
BC |
| c |
FOLL |
| d |
93310 |
| e |
TS1 |
| f |
1996 |
| g |
DonaciØn |
| i |
93310 |
| s |
b |
| 949 ## - PROCESAMIENTO DE INFORMACIÓN LOCAL (OCLC) |
| a |
Folleto 14781 |
| b |
BC |
| c |
FOLL |
| d |
933102 |
| e |
TS1 |
| f |
1998 v.1 |
| g |
DonaciØn |
| i |
93310 |
| s |
b |
| 949 ## - PROCESAMIENTO DE INFORMACIÓN LOCAL (OCLC) |
| a |
Folleto 14781 |
| b |
BC |
| c |
FOLL |
| d |
93310225 |
| e |
TS1 |
| f |
2001 |
| g |
DonaciØn |
| i |
93310 |
| s |
b |
| 949 ## - PROCESAMIENTO DE INFORMACIÓN LOCAL (OCLC) |
| a |
Folleto 14781 |
| b |
BC |
| c |
FOLL |
| d |
933103 |
| e |
TS1 |
| f |
1998 v.2 |
| g |
DonaciØn |
| i |
93310 |
| s |
b |
| 949 ## - PROCESAMIENTO DE INFORMACIÓN LOCAL (OCLC) |
| a |
Folleto 14781 |
| b |
BC |
| c |
FOLL |
| d |
933104 |
| e |
TS1 |
| f |
1999 v.1 |
| g |
DonaciØn |
| i |
93310 |
| s |
b |
| 949 ## - PROCESAMIENTO DE INFORMACIÓN LOCAL (OCLC) |
| a |
Folleto 14781 |
| b |
BC |
| c |
FOLL |
| d |
933105 |
| e |
TS1 |
| f |
1999 v.2 |
| g |
DonaciØn |
| i |
93310 |
| s |
b |